[Event "Bunratty Masters op 16th"]
[Site "Bunratty"]
[Date "2009.02.21"]
[Round "2"]
[White "McPhillips, Karl"]
[Black "Williams, Simon Kim"]
[Result "0-1"]
[WhiteElo "2220"]
[BlackElo "2507"]
[PlyCount "90"]
[EventDate "2009.02.20"]
[EventType "swiss"]
[EventRounds "6"]
[EventCountry "IRL"]
[SourceTitle "CBM 128 Extra"]
[Source "ChessBase"]
[SourceDate "2009.03.05"]
[SourceVersion "2"]
[SourceVersionDate "2009.03.25"]
[SourceQuality "1"]

1. d4 e6 2. c4 b6 3. e4 Bb7 4. Nc3 Bb4 5. f3 f5 6. exf5 Nh6 7. fxe6 Nf5 8. Bf4 dxe6 9. Nge2 0-0 10. Qd2 Qh4+ 11. g3 Qf6 12. Bg2 Nc6 13. 0-0-0 Na5 14. Qd3 c5 15. d5 b5 16. Ne4 Qg6 17. dxe6 bxc4 18. Qc2 Qxe6 19. a3 Qa6 20. Bh3 Nd4 21. Nxd4 cxd4 22. Kb1 d3 23. Qa4 Be7 24. Qd7 Bxe4 25. fxe4 Kh8 26. Be5 Bf6 27. Qd6 Qb5 28. Bxf6 gxf6 29. Qd7 Rab8 30. Qxb5 Rxb5 31. Bd7 Rb7 32. Ba4 Rfb8 33. b4 Rxb4+ 34. axb4 Rxb4+ 35. Kc1 Rxa4 36. Kd2 Ra2+ 37. Ke3 Nb3 38. Rb1 Re2+ 39. Kf4 a5 40. Kf5 Kg7 41. Rhf1 a4 42. Rf4 a3 43. Rg4+ Kf7 44. Rh4 Rf2+ 45. Kg4 a2 0-1

[Event "Bunratty Masters op 16th"]
[Site "Bunratty"]
[Date "2009.02.20"]
[Round "1"]
[White "McPhillips, Karl"]
[Black "Delaney, Rory"]
[Result "1-0"]
[WhiteElo "2220"]
[BlackElo "1921"]
[PlyCount "89"]
[EventDate "2009.02.20"]
[EventType "swiss"]
[EventRounds "6"]
[EventCountry "IRL"]
[SourceTitle "CBM 128 Extra"]
[Source "ChessBase"]
[SourceDate "2009.03.05"]
[SourceVersion "2"]
[SourceVersionDate "2009.03.25"]
[SourceQuality "1"]

1. d4 Nf6 2. c4 c5 3. d5 b5 4. Nf3 g6 5. cxb5 a6 6. b6 Bg7 7. Nc3 Qxb6 8. e4 d6 9. Be2 0-0 10. Nd2 Nbd7 11. Nc4 Qc7 12. Bf4 Rb8 13. 0-0 Ne8 14. Rc1 Nb6 15. b3 Nxc4 16. Bxc4 Nf6 17. Qe2 Nd7 18. Bxa6 Qa5 19. Bxc8 Rfxc8 20. Na4 Nb6 21. Nxb6 Rxb6 22. Rc2 Ra8 23. e5 Qb4 24. Rc4 Qa3 25. exd6 exd6 26. Re4 Bf8 27. Re8 Rbb8 28. Rxb8 Rxb8 29. Rc1 Rb4 30. Be3 Qa8 31. Qd2 Re4 32. Rd1 Bg7 33. f3 Rxe3 34. Qxe3 Bd4 35. Rxd4 cxd4 36. Qxd4 Qxa2 37. Qd3 Qa1+ 38. Kf2 Qb2+ 39. Kg3 Qe5+ 40. f4 Qe1+ 41. Kf3 Qb4 42. h3 h5 43. g3 Qe1 44. Kg2 Qb4 45. Kf2 1-0

[Event "Hastings Masters op 84th"]
[Site "Hastings"]
[Date "2009.01.05"]
[Round "9"]
[White "Almond, Richard"]
[Black "McPhillips, Karl"]
[Result "1/2-1/2"]
[WhiteElo "2138"]
[BlackElo "2222"]
[PlyCount "78"]
[EventDate "2008.12.28"]
[EventType "swiss"]
[EventRounds "9"]
[EventCountry "ENG"]
[SourceTitle "CBM 128 Extra"]
[Source "ChessBase"]
[SourceDate "2009.03.05"]
[SourceVersion "2"]
[SourceVersionDate "2009.03.25"]
[SourceQuality "1"]

1. d4 Nf6 2. c4 e6 3. Nc3 Bb4 4. Qc2 d5 5. a3 Bxc3+ 6. Qxc3 c5 7. dxc5 d4 8. Qg3 Nc6 9. Nf3 0-0 10. Bh6 Ne8 11. h4 Qa5+ 12. Bd2 Qxc5 13. e3 a5 14. exd4 Nxd4 15. Nxd4 Qxd4 16. Bc3 Qe4+ 17. Be2 f5 18. Qf3 Bd7 19. Qxe4 fxe4 20. Rd1 Ba4 21. Rd4 Nf6 22. Rd6 Kf7 23. Rh3 Ke7 24. Rd2 Bc6 25. Rg3 g6 26. Rg5 b6 27. b4 Kf7 28. Rd6 axb4 29. axb4 h6 30. Rg3 Rfc8 31. b5 Be8 32. Rxb6 Rc7 33. Be5 Rd7 34. Rd6 Rxd6 35. Bxd6 Ra1+ 36. Kd2 Ra2+ 37. Ke1 Ra1+ 38. Kd2 Ra2+ 39. Ke1 Ra1+ 1/2-1/2

[Event "Hastings Masters op 84th"]
[Site "Hastings"]
[Date "2008.12.29"]
[Round "2"]
[White "McPhillips, Karl"]
[Black "Adair, James R"]
[Result "1-0"]
[WhiteElo "2222"]
[BlackElo "2072"]
[PlyCount "41"]
[EventDate "2008.12.28"]
[EventType "swiss"]
[EventRounds "9"]
[EventCountry "ENG"]
[SourceTitle "CBM 128 Extra"]
[Source "ChessBase"]
[SourceDate "2009.03.05"]
[SourceVersion "2"]
[SourceVersionDate "2009.03.25"]
[SourceQuality "1"]

1. d4 Nf6 2. c4 e6 3. Nf3 b6 4. e3 Bb7 5. Bd3 d5 6. Nc3 Bd6 7. cxd5 exd5 8. b3 0-0 9. Bb2 Nbd7 10. 0-0 a6 11. Rc1 Qe7 12. Ne2 Ne4 13. Qc2 Rac8 14. Ng3 f5 15. Qe2 Ra8 16. Rc2 g6 17. Rfc1 Rf7 18. Nf1 h5 19. Ne1 h4 20. f3 Nef6 21. Qd1 1-0

[Event "Wch U20"]
[Site "Gaziantep"]
[Date "2008.08.15"]
[Round "13"]
[White "McPhillips, Karl"]
[Black "Ertan, Can"]
[Result "1-0"]
[WhiteElo "2221"]
[BlackElo "2149"]
[PlyCount "65"]
[EventDate "2008.08.03"]
[EventType "swiss"]
[EventRounds "13"]
[EventCountry "TUR"]
[SourceTitle "CBM 125 Extra"]
[Source "ChessBase"]
[SourceDate "2008.09.01"]
[SourceVersion "1"]
[SourceVersionDate "2008.09.01"]
[SourceQuality "1"]

1. d4 Nf6 2. c4 e6 3. Nf3 b6 4. e3 Bb7 5. Bd3 d5 6. Nc3 Nbd7 7. 0-0 Be7 8. b3 0-0 9. Bb2 Re8 10. cxd5 exd5 11. Rc1 a6 12. Ne2 Bd6 13. Ng3 g6 14. Rc2 Ne4 15. Qe2 Qe7 16. Rfc1 c6 17. Nf1 a5 18. a4 f5 19. N3d2 Ndf6 20. Re1 Qc7 21. h3 f4 22. Nf3 fxe3 23. Nxe3 Qe7 24. Ne5 Rec8 25. Rec1 c5 26. N3g4 Nxg4 27. Nxg4 Nf6 28. dxc5 Nxg4 29. cxd6 Qxe2 30. Bxe2 Rxc2 31. Rxc2 Nh6 32. Bb5 Rd8 33. Rc7 1-0

[Event "Wch U20"]
[Site "Gaziantep"]
[Date "2008.08.05"]
[Round "4"]
[White "McPhillips, Karl"]
[Black "Durarbayli, Vasif"]
[Result "1/2-1/2"]
[WhiteElo "2221"]
[BlackElo "2413"]
[PlyCount "94"]
[EventDate "2008.08.03"]
[EventType "swiss"]
[EventRounds "13"]
[EventCountry "TUR"]
[SourceTitle "CBM 125 Extra"]
[Source "ChessBase"]
[SourceDate "2008.09.01"]
[SourceVersion "1"]
[SourceVersionDate "2008.09.01"]
[SourceQuality "1"]

1. d4 Nf6 2. c4 e6 3. Nf3 b6 4. e3 Bb7 5. Bd3 d5 6. b3 Bd6 7. cxd5 exd5 8. Bb2 Nbd7 9. Nc3 a6 10. 0-0 0-0 11. Rc1 Qe7 12. Ne2 Ne4 13. Ng3 f5 14. Rc2 g6 15. Qe2 h5 16. Rfc1 h4 17. Nf1 Rfc8 18. Ne1 Ndf6 19. f3 Re8 20. fxe4 fxe4 21. Nf3 exd3 22. Qxd3 Ne4 23. Ne5 Bc8 24. Nd2 Bf5 25. Qe2 Nxd2 26. Rxd2 Be4 27. Rf1 Rf8 28. Rf4 Bxe5 29. dxe5 Rxf4 30. exf4 Rf8 31. Qg4 Qb4 32. Rd1 Qc5+ 33. Bd4 Qc2 34. e6 Bf5 35. Qf3 Be4 36. Qg4 Re8 37. Re1 c5 38. Bf6 Kf8 39. f5 Qd2 40. Bg7+ Kg8 41. Bc3 Bxf5 42. Qxg6+ Bxg6 43. Bxd2 Be4 44. Bg5 h3 45. gxh3 Rxe6 46. h4 Kg7 47. h5 Bf5 1/2-1/2

[Event "Wch U20"]
[Site "Gaziantep"]
[Date "2008.08.03"]
[Round "1"]
[White "Braun, Arik"]
[Black "McPhillips, Karl"]
[Result "1-0"]
[WhiteElo "2533"]
[BlackElo "2221"]
[PlyCount "101"]
[EventDate "2008.08.03"]
[EventType "swiss"]
[EventRounds "13"]
[EventCountry "TUR"]
[SourceTitle "CBM 125 Extra"]
[Source "ChessBase"]
[SourceDate "2008.09.01"]
[SourceVersion "1"]
[SourceVersionDate "2008.09.01"]
[SourceQuality "1"]

1. d4 Nf6 2. c4 e6 3. Nc3 Bb4 4. Qc2 d5 5. cxd5 exd5 6. Bg5 c5 7. dxc5 h6 8. Bh4 g5 9. Bg3 Ne4 10. 0-0-0 Bxc3 11. f3 Bd2+ 12. Rxd2 Nxd2 13. Qxd2 Nc6 14. h4 g4 15. e3 Be6 16. Bb5 Rc8 17. Ne2 a6 18. Qc3 Rg8 19. Ba4 gxf3 20. gxf3 b5 21. cxb6 Qxb6 22. Bd6 Bd7 23. Kb1 Qa5 24. Qf6 Qxa4 25. Nd4 Qc4 26. Rd1 Bf5+ 27. Nxf5 Qe2 28. Rc1 Qd3+ 29. Ka1 Rg6 30. Ng7+ Rxg7 31. Qxg7 Qxe3 32. Qg1 Qxg1 33. Rxg1 Kd7 34. Bf4 Nd4 35. Rd1 Nxf3 36. Rxd5+ Ke6 37. Rd6+ Kf5 38. Bxh6 Re8 39. a4 Re6 40. Rxe6 fxe6 41. b4 Ke4 42. h5 Ne5 43. Bg7 Nf7 44. h6 e5 45. h7 Kd5 46. Kb2 Kc4 47. Bf8 e4 48. b5 e3 49. Kc2 axb5 50. a5 b4 51. Bxb4 1-0

[Event "Cork Masters 16th"]
[Site "Cork"]
[Date "2008.03.30"]
[Round "6.4"]
[White "McPhillips, Karl"]
[Black "Meijers, Viesturs"]
[Result "1/2-1/2"]
[WhiteElo "2206"]
[BlackElo "2507"]
[PlyCount "160"]
[EventDate "2008.03.28"]
[EventType "swiss"]
[EventRounds "6"]
[EventCountry "IRL"]
[SourceTitle "EXT 2023"]
[Source "ChessBase"]
[SourceDate "2022.10.05"]
[SourceVersion "1"]
[SourceVersionDate "2022.10.05"]
[SourceQuality "1"]

1. d4 e6 2. c4 b6 3. e4 Bb7 4. Nc3 Bb4 5. f3 f5 6. exf5 exf5 7. Qe2+ Qe7 8. Bg5 Bxc3+ 9. bxc3 Qxe2+ 10. Bxe2 Nc6 11. c5 bxc5 12. Rb1 Rb8 13. Bf4 Kd8 14. d5 Ba6 15. Rxb8+ Nxb8 16. d6 cxd6 17. Bxd6 Bxe2 18. Nxe2 Na6 19. Bf8 Ne7 20. Bxg7 Rg8 21. Bf6 d6 22. Nf4 Kd7 23. Kf2 Rb8 24. Re1 Ng8 25. Bg5 Nc7 26. g4 fxg4 27. fxg4 a5 28. Kg3 a4 29. Re4 Ra8 30. c4 h6 31. Bh4 Rb8 32. Nd5 Ne6 33. Re2 Rb1 34. Rf2 Rc1 35. Rb2 Kc8 36. Re2 Nc7 37. Nxc7 Kxc7 38. Re8 Rc3+ 39. Kf4 Rxc4+ 40. Kf5 Rc2 41. Rxg8 Rxh2 42. Rg7+ Kc6 43. Bg3 Rxa2 44. Rg6 Rd2 45. Rxh6 Rd5+ 46. Kf6 Rd3 47. Bf4 Rd4 48. Kf5 Rd5+ 49. Ke4 Rd4+ 50. Ke3 a3 51. Rh2 Ra4 52. Ra2 d5 53. g5 Kd7 54. g6 Ke6 55. Bh6 Rg4 56. g7 Kf7 57. Rf2+ Ke7 58. Kd3 Rg3+ 59. Kc2 c4 60. Re2+ Kd7 61. Rd2 Kc6 62. Kb1 Kc5 63. Be3+ Kb4 64. Bd4 Kb3 65. Rd1 c3 66. Rg1 c2+ 67. Kc1 Rxg7 68. Rxg7 Kc4 69. Ba1 Kb3 70. Rc7 Ka2 71. Be5 Kb3 72. Rxc2 Kb4 73. Rd2 Kc4 74. Kb1 Kb3 75. Rxd5 a2+ 76. Ka1 Kc4 77. Rd1 Kb3 78. Re1 Ka3 79. Re3+ Kb4 80. Kxa2 Kc4 1/2-1/2

[Event "Bunratty Masters op 15th"]
[Site "Bunratty"]
[Date "2008.02.24"]
[Round "5"]
[White "Quinn, Mark"]
[Black "McPhillips, Karl"]
[Result "1-0"]
[WhiteElo "2403"]
[BlackElo "2206"]
[PlyCount "93"]
[EventDate "2008.02.22"]
[EventType "swiss"]
[EventRounds "6"]
[EventCountry "IRL"]
[SourceTitle "CBM 123 Extra"]
[Source "ChessBase"]
[SourceDate "2008.05.06"]
[SourceVersion "1"]
[SourceVersionDate "2008.05.06"]
[SourceQuality "1"]

1. c4 e5 2. Nc3 Nc6 3. g3 g6 4. Bg2 Bg7 5. e4 d6 6. d3 f5 7. Nge2 Nf6 8. 0-0 0-0 9. h3 Be6 10. Be3 Qd7 11. exf5 Bxf5 12. g4 Be6 13. Ng3 h6 14. Nce4 Nxe4 15. Nxe4 Rf7 16. Qb3 Raf8 17. Qxb7 Nd4 18. Bxd4 exd4 19. f4 Rxf4 20. Rxf4 Rxf4 21. Qxa7 Be5 22. Rc1 Qe7 23. Rf1 Rxf1+ 24. Kxf1 Qf7+ 25. Nf2 d5 26. cxd5 Bxd5 27. Qc5 Bxg2+ 28. Kxg2 Qf4 29. a4 Qg3+ 30. Kf1 Qe3 31. Qd5+ Kg7 32. Qe4 Qc1+ 33. Kg2 Bf6 34. a5 Qxb2 35. Kf3 Bh4 36. Qe5+ Kg8 37. Qe8+ Kg7 38. Qd7+ Kf8 39. Qc8+ Kf7 40. Qxc7+ Kf8 41. Ne4 Qb3 42. Qc5+ Ke8 43. Qb5+ Qxb5 44. Nd6+ Kd7 45. Nxb5 Kc6 46. Nxd4+ Kc5 47. Ke4 1-0

[Event "Bunratty Masters op 15th"]
[Site "Bunratty"]
[Date "2008.02.22"]
[Round "1"]
[White "Hanly, Steven"]
[Black "McPhillips, Karl"]
[Result "0-1"]
[WhiteElo "2020"]
[BlackElo "2206"]
[PlyCount "84"]
[EventDate "2008.02.22"]
[EventType "swiss"]
[EventRounds "6"]
[EventCountry "IRL"]
[SourceTitle "CBM 123 Extra"]
[Source "ChessBase"]
[SourceDate "2008.05.06"]
[SourceVersion "1"]
[SourceVersionDate "2008.05.06"]
[SourceQuality "1"]

1. d4 d5 2. Nf3 Nc6 3. Bf4 Bg4 4. e3 f6 5. Bb5 e6 6. h3 Bh5 7. 0-0 Bd6 8. Bxd6 Qxd6 9. a3 Nge7 10. Nbd2 0-0 11. c4 a6 12. c5 Qd7 13. Bd3 Bxf3 14. Nxf3 e5 15. dxe5 fxe5 16. e4 Kh8 17. exd5 Qxd5 18. Qc2 Rxf3 19. Be4 Qb3 20. gxf3 Qe6 21. Kh1 Nd4 22. Qd3 Rf8 23. Rg1 Nd5 24. Rg4 Nf4 25. Rxf4 Rxf4 26. Rg1 c6 27. Rg4 Qf6 28. Rg3 g5 29. Kg2 h5 30. Qd1 Kg7 31. b4 Kh6 32. a4 Qe7 33. Qd3 Qe6 34. Bh7 Qf7 35. Be4 Qb3 36. Qxb3 Nxb3 37. b5 axb5 38. axb5 cxb5 39. Bxb7 Nxc5 40. Bc6 b4 41. Kh2 Nb3 42. Rg1 Nd4 0-1

[Event "Dublin-ch"]
[Site "Dublin"]
[Date "2007.09.02"]
[Round "6"]
[White "McPhillips, Karl"]
[Black "Jeffares, Simon"]
[Result "1-0"]
[WhiteElo "2248"]
[BlackElo "2138"]
[PlyCount "93"]
[EventDate "2007.08.31"]
[EventType "swiss"]
[EventRounds "6"]
[EventCountry "IRL"]
[SourceTitle "EXT 2010"]
[Source "ChessBase"]
[SourceDate "2010.11.25"]
[SourceVersion "1"]
[SourceVersionDate "2010.11.25"]
[SourceQuality "1"]

1. d4 d5 2. c4 e6 3. Nf3 Nf6 4. Bg5 Be7 5. e3 0-0 6. Nc3 Nbd7 7. Rc1 a6 8. c5 Nh5 9. Bxe7 Qxe7 10. Ne5 Nxe5 11. Qxh5 Nd7 12. Bd3 g6 13. Qe2 c6 14. f4 b6 15. b4 a5 16. a3 axb4 17. axb4 f5 18. 0-0 b5 19. Qb2 Nf6 20. h3 Bd7 21. Ra1 Rfb8 22. Ra3 Qd8 23. Rfa1 Ne8 24. Nb1 Nc7 25. Nd2 Rxa3 26. Rxa3 Ra8 27. Nf3 Rxa3 28. Qxa3 Qa8 29. Qb2 Kf8 30. g4 Ne8 31. Kh2 Nf6 32. Ne5 Ke7 33. Kg3 Be8 34. Kf3 Nd7 35. Qf2 Nxe5+ 36. fxe5 h5 37. Qh4+ Kd7 38. Qf6 Qa1 39. Kf4 hxg4 40. hxg4 Qd1 41. Qg7+ Kd8 42. Kg5 Qxd3 43. Kf6 fxg4 44. Qe7+ Kc8 45. Qxe8+ Kb7 46. Qd7+ Kb8 47. Ke7 1-0

[Event "Dublin-ch"]
[Site "Dublin"]
[Date "2007.09.01"]
[Round "3"]
[White "Heidenfeld, Mark"]
[Black "McPhillips, Karl"]
[Result "1/2-1/2"]
[WhiteElo "2376"]
[BlackElo "2248"]
[PlyCount "28"]
[EventDate "2007.08.31"]
[EventType "swiss"]
[EventRounds "6"]
[EventCountry "IRL"]
[SourceTitle "EXT 2010"]
[Source "ChessBase"]
[SourceDate "2010.11.25"]
[SourceVersion "1"]
[SourceVersionDate "2010.11.25"]
[SourceQuality "1"]

1. e4 d5 2. exd5 Qxd5 3. Nc3 Qd6 4. d4 Nf6 5. h3 a6 6. Nf3 Nc6 7. Bd3 g6 8. 0-0 Bg7 9. Ne4 Nxe4 10. Bxe4 Nxd4 11. Nxd4 Qxd4 12. Qf3 0-0 13. Bxb7 Bxb7 14. Qxb7 Qb6 1/2-1/2

[Event "Dublin-ch"]
[Site "Dublin"]
[Date "2007.09.01"]
[Round "2"]
[White "Palmer, Bernard"]
[Black "McPhillips, Karl"]
[Result "0-1"]
[WhiteElo "1897"]
[BlackElo "2248"]
[PlyCount "68"]
[EventDate "2007.08.31"]
[EventType "swiss"]
[EventRounds "6"]
[EventCountry "IRL"]
[SourceTitle "EXT 2010"]
[Source "ChessBase"]
[SourceDate "2010.11.25"]
[SourceVersion "1"]
[SourceVersionDate "2010.11.25"]
[SourceQuality "1"]

1. c4 e5 2. g3 Nc6 3. Bg2 g6 4. Nc3 Bg7 5. e4 d6 6. Nge2 f5 7. d3 Nf6 8. 0-0 0-0 9. f4 exf4 10. gxf4 fxe4 11. dxe4 Bg4 12. Be3 Qd7 13. Qd2 Rae8 14. Ng3 Bh3 15. Rae1 Bxg2 16. Kxg2 Rf7 17. h3 a6 18. Qc2 Kh8 19. Re2 Na5 20. c5 Qc6 21. cxd6 cxd6 22. Kh2 b5 23. a3 Nc4 24. Bc1 Rc7 25. Rd1 Nxa3 26. bxa3 Qxc3 27. Qxc3 Rxc3 28. Bb2 Rb3 29. Rxd6 Rxb2 30. Rxb2 Nxe4 31. Rbd2 Nxd2 32. Rxd2 Bh6 33. Rd4 Re3 34. a4 Rf3 0-1

[Event "EU-Cup 22nd"]
[Site "Fuegen"]
[Date "2006.10.12"]
[Round "5.3"]
[White "Meessen, Rudolf"]
[Black "McPhillips, Karl"]
[Result "1-0"]
[WhiteElo "2303"]
[BlackElo "2208"]
[PlyCount "55"]
[EventDate "2006.10.08"]
[EventType "team-swiss"]
[EventRounds "7"]
[EventCountry "AUT"]
[SourceTitle "CBM 115"]
[Source "ChessBase"]
[SourceDate "2006.11.15"]
[SourceVersion "1"]
[SourceVersionDate "2006.11.15"]
[SourceQuality "1"]
[WhiteTeam "Eupen Rochade"]
[BlackTeam "Kilkenny"]
[WhiteTeamCountry "BEL"]
[BlackTeamCountry "IRL"]

1. e4 d5 2. exd5 Qxd5 3. Nf3 Bg4 4. Be2 Nc6 5. d4 e6 6. h3 Bh5 7. c4 Qa5+ 8. Bd2 Bb4 9. g4 Bxd2+ 10. Nbxd2 Bg6 11. a3 Qb6 12. d5 Nd4 13. Qa4+ Kf8 14. Nxd4 Qxd4 15. Qb4+ Ne7 16. Qxb7 Re8 17. dxe6 h5 18. 0-0-0 hxg4 19. Bxg4 Kg8 20. exf7+ Bxf7 21. Qxc7 Rh6 22. Bd7 Rf8 23. Rhe1 Rb6 24. Nb3 Qxf2 25. Rxe7 Rxb3 26. Qe5 Rfb8 27. Be6 Bxe6 28. Qxg7# 1-0

[Event "Galway Masters"]
[Site "Galway"]
[Date "2006.09.30"]
[Round "3"]
[White "McPhillips, Karl"]
[Black "Jones, Gawain C B"]
[Result "0-1"]
[WhiteElo "2217"]
[BlackElo "2416"]
[PlyCount "112"]
[EventDate "2006.09.30"]
[EventType "swiss"]
[EventRounds "6"]
[EventCountry "IRL"]
[SourceTitle "CBM 114 Extra"]
[Source "ChessBase"]
[SourceDate "2006.11.03"]
[SourceVersion "1"]
[SourceVersionDate "2006.11.03"]
[SourceQuality "1"]

1. d4 e6 2. c4 f5 3. Nc3 Nf6 4. e3 d6 5. Bd3 e5 6. Nge2 a5 7. 0-0 g6 8. b3 Bg7 9. Bb2 Nc6 10. a3 0-0 11. d5 Ne7 12. b4 axb4 13. axb4 Rxa1 14. Qxa1 g5 15. Bc2 f4 16. Ne4 f3 17. N2g3 fxg2 18. Kxg2 Ng6 19. Nxf6+ Qxf6 20. Bxg6 Qxg6 21. Qd1 g4 22. Qb1 Qf7 23. Qe4 h5 24. f4 gxf3+ 25. Rxf3 Qxf3+ 26. Qxf3 Rxf3 27. Kxf3 e4+ 28. Kxe4 h4 29. Bxg7 hxg3 30. hxg3 Kxg7 31. c5 Kf6 32. cxd6 cxd6 33. Kf4 Bf5 34. e4 Bg6 35. g4 Bh7 36. g5+ Kf7 37. Ke3 Ke7 38. Kd4 Kd7 39. Kd3 Kc7 40. Ke3 Kb6 41. Kd3 Bg6 42. Ke3 Kb5 43. Kd4 Kb6 44. Ke3 Kc7 45. Kd3 Kd8 46. Ke3 Ke8 47. Kd4 Kf8 48. Kd3 Be8 49. Ke3 Bd7 50. Kf3 Kf7 51. Ke3 Kg6 52. Kf4 Bc8 53. e5 Bd7 54. e6 Bb5 55. Kg4 Bc4 56. e7 Bb5 0-1